Vainqueurs de le Trophée des champions - Statistiques

Statistiques générales
  • Ce quiz a été pris 349 fois
    65 depuis la dernière actualisation
  • Le résultat moyen est 44 sur 50
Statistiques - réponses
Année Vainqueur % Correct
1971 Olympique de Marseille
98%
2010 Olympique de Marseille
98%
2011 Olympique de Marseille
98%
1995 Paris Saint-Germain
98%
1998 Paris Saint-Germain
98%
2013 Paris Saint-Germain
98%
2014 Paris Saint-Germain
98%
2015 Paris Saint-Germain
98%
2016 Paris Saint-Germain
98%
2017 Paris Saint-Germain
98%
2018 Paris Saint-Germain
98%
2019 Paris Saint-Germain
98%
2020 Paris Saint-Germain
98%
2022 Paris Saint-Germain
98%
2023 Paris Saint-Germain
98%
2024 Paris Saint-Germain
98%
2025 Paris Saint-Germain
98%
1986 Girondins de Bordeaux
97%
2008 Girondins de Bordeaux
97%
2009 Girondins de Bordeaux
97%
2021 LOSC Lille
97%
1973 Olympique lyonnais
97%
2002 Olympique lyonnais
97%
2003 Olympique lyonnais
97%
2004 Olympique lyonnais
97%
2005 Olympique lyonnais
97%
2006 Olympique lyonnais
97%
2007 Olympique lyonnais
97%
2012 Olympique lyonnais
97%
1961 AS Monaco
90%
1985 AS Monaco
90%
1997 AS Monaco
90%
2000 AS Monaco
90%
1957 AS Saint-Étienne
88%
1962 AS Saint-Étienne
88%
1967 AS Saint-Étienne
88%
1968 AS Saint-Étienne
88%
1969 AS Saint-Étienne
88%
1965 FC Nantes
86%
1999 FC Nantes
86%
2001 FC Nantes
86%
1970 OGC Nice
81%
1955 Stade de Reims
69%
1958 Stade de Reims
69%
1960 Stade de Reims
69%
1966 Stade de Reims
69%
1972 SEC Bastia
41%
1956 UA Sedan-Torcy
36%
1959 Le Havre AC
34%
1971 Stade rennais UC
2%
Aucun quiz correspondant
Distribution des résultats
% des personnes avec chaque résultat
Percentile par nombre de réponses
Votre historique - résultats
Vous n’avez pas pris ce quiz depuis la dernière actualisation